Kannst du die von mir gezeichneten Logos erraten? #2 - Statistiken

Allgemein
  • Dieses Quiz wurde 331 mal gespielt
  • Das Durchschnittsergebnis liegt bei 9 aus 10
Antwortstatistiken
Bildquiz Antwort % Korrekt
Adidas
100%
Facebook
100%
Google
100%
Audi
98%
McDonalds
98%
Pepsi
98%
IKEA
96%
Hyundai
81%
JetPunk
69%
ZOOM
40%
Keine übereinstimmenden Quizze gefunden
Verteilung der Resultate
Anzahl Personen mit jedem Resultat
Perzentil nach korrekt beantworteten Fragen
Ihre Resultats-Entwicklung
Sie haben dieses Quiz noch nicht gespielt